000 00933cam a2200241 i 4500
005 20160119065509.0
008 960528s1995 ec ab r 00010 spa d
020 _a9978041559
040 _ala
_cla
_dCO-BoIAVH
041 0 _aspa
043 _as-ec---
082 0 4 _a581.634
_bC41e
100 1 _aCerón MartÍnez, Carlos Eduardo
245 1 0 _aEtnobiologÍa de los cofanes de Dureno :
_bprovincia de sucumbÍos, Ecuador /
_cCerÓn MartÍnez, Carlos Edudardo ; Editores David A. Naill, Paulina Teran.
260 _aCayambe :
_bConservación internacional, Ediciones Abya-Yala,
_c1995.
300 _a209 p.áginas:
_bilustraciones y mapas ;
_c21 cm.
490 0 0 _aHerbario nacional ;
_v3
650 1 4 _aEtnobotánica
_z Sucumbíos (Ecuador)
650 2 4 _aBotánica médica
_z Sucumbíos (Ecuador)
650 2 4 _aMedicina indígena
_z Sucumbíos (Ecuador)
942 _2ddc
_cLIBRO
949 _an
_bn
999 _c1939
_d1939